=LDR 00000nam 2200000 4500 =001 NUTBA000000000002267 =005 20221018090907 =035 ##$$a 0010-061400000000210 =020 ##$$a 978-602-98185-6-7 =082 ##$$a 155.418 2 =100 ##$$a Keen Achroni =245 1#$$a Ternyata selalu mengalah itu tidak baik : $b Tiga puluh lima masalah perilaku anak paling sering dihadapi dan penanganannya /$c Keen Achroni =250 ##$$a cet.1 =260 ##$$a Jogjakarta :$b Javalitera,$c 2012 =300 ##$$a 184 hlm. : $b ilus. ; $c 21 x 15 cm =008 221018################g##########0#ind## =084 ##$$a 155.418 2 KEE t =650 #4$$a Anak-Perilaku =500 ##$$a Biografi : hlm. 183 =504 ##$$a Bibliografi ; hlm.181-182 =990 ##$$a 21306162 =990 ##$$a 21306159 =990 ##$$a 21306160 =990 ##$$a 0001/BPAP-NTB/20142015 =990 ##$$a 21306161